00723nam a22001697a 4500003000900000008004100009040007100050082002000121100002600141245001500167260005600182300002800238505021200266650002300478650002700501650002500528AR-CdUCM190306b ||||| |||| 00| 0 spa d aMUNICIPALIDAD PROVINCIAL DEL CUSCOcBIBLIOTECA MUNICIPAL DEL CUSCO a869.5606 /bV21 aValenzuela Zea, Waldo aChikucha / aCusco :bMunicipalidad Provincial del Cusco,c2000. a198 páginas ;c21 cm. aContenido: Chikucha -- Aventuras de colegiales muy primaverales -- La guardia civil en el camino trazado -- Los baños del Inca -- Chumbivilcas, cielo andino de las costumbres -- La fuerza de Colquemarca... aLiteratura Peruana aLiteratura apurimeña aViolencia Política